[Event "RSA-ch U08 Girls"]
[Site "Gauteng"]
[Date "2017.04.08"]
[Round "7"]
[White "Chauke, Nosipho"]
[Black "Johnstone, Jessica"]
[Result "1-0"]
[WhiteElo "500"]
[BlackElo "591"]
[PlyCount "21"]
[EventDate "2017.04.05"]
[EventType "swiss"]
[EventRounds "11"]
[EventCountry "RSA"]
[SourceTitle "CBM 177 Extra"]
[Source "ChessBase"]
[SourceDate "2017.04.27"]
[SourceVersion "1"]
[SourceVersionDate "2017.04.27"]
[SourceQuality "1"]

1. e4 e5 2. Nf3 Bc5 3. Bc4 Qf6 4. 0-0 Qe7 5. Nc3 Qf8 6. Nb5 Nf6 7. Nxc7+ Kd8 8. Nxa8 Nxe4 9. d3 Nd6 10. Bg5+ Ke8 11. Nc7# 1-0